<?xml version="1.0" encoding="UTF-8"?>
<record
    xmlns:xsi="http://www.w3.org/2001/XMLSchema-instance"
    xsi:schemaLocation="http://www.loc.gov/MARC21/slim http://www.loc.gov/standards/marcxml/schema/MARC21slim.xsd"
    xmlns="http://www.loc.gov/MARC21/slim">

  <leader>00938nam2a22002051  4500</leader>
  <controlfield tag="001">RU\NLR\A1SV\9839</controlfield>
  <controlfield tag="005">20251203152403.2</controlfield>
  <datafield tag="035" ind1=" " ind2=" ">
    <subfield code="a">(NLR Aleph) 009695328</subfield>
  </datafield>
  <datafield tag="090" ind1=" " ind2=" ">
    <subfield code="a">13477660</subfield>
    <subfield code="c">13477660</subfield>
  </datafield>
  <datafield tag="100" ind1=" " ind2=" ">
    <subfield code="a">19990210d1927    u  y0rusy50      ca</subfield>
  </datafield>
  <datafield tag="101" ind1="1" ind2=" ">
    <subfield code="a">rus</subfield>
    <subfield code="c">spa</subfield>
  </datafield>
  <datafield tag="200" ind1="1" ind2=" ">
    <subfield code="a">[&#x410;&#x43C;&#x430;&#x437;&#x43E;&#x43D;&#x43A;&#x430;</subfield>
    <subfield code="d">(Reina Calafia)</subfield>
    <subfield code="e">&#x420;&#x43E;&#x43C;&#x430;&#x43D;</subfield>
    <subfield code="f">&#x41F;&#x435;&#x440;. &#x420;.&#x41A;&#x430;&#x43B;&#x43C;&#x435;&#x43D;&#x441;]</subfield>
  </datafield>
  <datafield tag="210" ind1=" " ind2=" ">
    <subfield code="d">1927</subfield>
  </datafield>
  <datafield tag="215" ind1=" " ind2=" ">
    <subfield code="a">261 &#x441;.</subfield>
  </datafield>
  <datafield tag="461" ind1=" " ind2="1">
    <subfield code="1">001RU\NLR\A1SV\9834</subfield>
    <subfield code="1">2000#$a&#x421;&#x43E;&#x431;&#x440;&#x430;&#x43D;&#x438;&#x435; &#x441;&#x43E;&#x447;&#x438;&#x43D;&#x435;&#x43D;&#x438;&#x439;$f&#x412;&#x438;&#x441;&#x435;&#x43D;&#x442;&#x435; &#x411;&#x43B;&#x430;&#x441;&#x43A;&#x43E; &#x418;&#x431;&#x430;&#x43D;&#x44C;&#x435;&#x441;$g&#x421; &#x43F;&#x440;&#x435;&#x434;&#x438;&#x441;&#x43B;. &#x412;.&#x41C;.&#x424;&#x440;&#x438;&#x447;&#x435;$v&#x422;.6</subfield>
    <subfield code="1">700#1$a&#x411;&#x43B;&#x430;&#x441;&#x43A;&#x43E; &#x418;&#x431;&#x430;&#x43D;&#x44C;&#x435;&#x441;$b&#x412;.$f1867-1928$g&#x412;&#x438;&#x441;&#x435;&#x43D;&#x442;&#x435;</subfield>
    <subfield code="9">9756058</subfield>
    <subfield code="a">&#x411;&#x43B;&#x430;&#x441;&#x43A;&#x43E; &#x418;&#x431;&#x430;&#x43D;&#x44C;&#x435;&#x441;, &#x412;. (1867-1928)</subfield>
    <subfield code="c">&#x41C;.</subfield>
    <subfield code="d">1926-1928</subfield>
    <subfield code="f">&#x412;&#x438;&#x441;&#x435;&#x43D;&#x442;&#x435; &#x411;&#x43B;&#x430;&#x441;&#x43A;&#x43E; &#x418;&#x431;&#x430;&#x43D;&#x44C;&#x435;&#x441;</subfield>
    <subfield code="n">"&#x421;&#x43E;&#x432;&#x440;&#x435;&#x43C;. &#x43F;&#x440;&#x43E;&#x431;&#x43B;&#x435;&#x43C;&#x44B;" &#x41D;.&#x410;.&#x421;&#x442;&#x43E;&#x43B;&#x43B;&#x44F;&#x440;</subfield>
    <subfield code="t">&#x421;&#x43E;&#x431;&#x440;&#x430;&#x43D;&#x438;&#x435; &#x441;&#x43E;&#x447;&#x438;&#x43D;&#x435;&#x43D;&#x438;&#x439;</subfield>
    <subfield code="v">&#x422;.6</subfield>
  </datafield>
  <datafield tag="801" ind1=" " ind2="0">
    <subfield code="a">RU</subfield>
    <subfield code="b">NLR</subfield>
    <subfield code="c">19990210</subfield>
  </datafield>
  <datafield tag="942" ind1=" " ind2=" ">
    <subfield code="c">BOOK</subfield>
  </datafield>
  <datafield tag="980" ind1=" " ind2=" ">
    <subfield code="a">A1SV</subfield>
  </datafield>
  <datafield tag="980" ind1=" " ind2=" ">
    <subfield code="a">NB</subfield>
  </datafield>
</record>
